000 00603nam a2200229Ia 4500
005 20260430150726.0
008 008 250103s9999 xx 000 0 eng d
037 _aTheses
040 _aCRL
040 _beng
040 _ceng
041 _2eng
041 _aeng
084 _qCRL
100 _aMohammad Yahya Au.; Mujeeb Akhtar Gu.
_91238308
245 0 _aMohammad Mustafa Al-Azmi: hayat-o-aamlah fi al-lughat al-arbiah
260 _c2024
300 _a240p.
700 _aUniversity of Delhi. Faculty of Arts. Department of Arabic
_9522990
942 _cTH
999 _c1850478
_d1850478